Self assessment manual [for] Farming as a business / (Record no. 13511)

MARC details
000 -LEADER
fixed length control field 00818nam a22002297a 4500
001 - CONTROL NUMBER
control field 13511
005 - DATE AND TIME OF LATEST TRANSACTION
control field 20260326083940.0
008 - FIXED-LENGTH DATA ELEMENTS--GENERAL INFORMATION
fixed length control field 260326b |||||||| |||| 00| 0 eng d
020 ## - INTERNATIONAL STANDARD BOOK NUMBER
International Standard Book Number 9789970027651
040 ## - CATALOGING SOURCE
Original cataloging agency BSULIB
082 ## - DEWEY DECIMAL CLASSIFICATION NUMBER
Edition number 22
Classification number 658.93
Item number FAR
245 ## - TITLE STATEMENT
Title Self assessment manual [for] Farming as a business /
Statement of responsibility, etc Eli Katunguka-Rwakishaya, Jason Ndikuwera and chris M. Rubaire-Akiiki (editors)
250 ## - EDITION STATEMENT
Remainder of edition statement 1st ed.
260 ## - PUBLICATION, DISTRIBUTION, ETC. (IMPRINT)
Place of publication, distribution, etc Kampala [Uganda] :
Name of publisher, distributor, etc Makerere University,
Date of publication, distribution, etc 2008.
300 ## - PHYSICAL DESCRIPTION
Extent vii, 112 p.:
Other physical details col. ill.;
Dimensions 20 cm.
440 ## - SERIES STATEMENT/ADDED ENTRY--TITLE
Title Fountain improved farming guide series
9 (RLIN) 5599
650 ## - SUBJECT ADDED ENTRY--TOPICAL TERM
Source of heading or term Business
Topical term or geographic name as entry element farming business
9 (RLIN) 26385
700 ## - ADDED ENTRY--PERSONAL NAME
Personal name Katunguka-rwakishaya, E. (editor)
9 (RLIN) 26386
700 ## - ADDED ENTRY--PERSONAL NAME
Personal name Ndikuwera, J. (editor)
9 (RLIN) 26387
700 ## - ADDED ENTRY--PERSONAL NAME
Personal name Rubaire-Akiiki, C.M. (editor)
9 (RLIN) 26388
942 ## - ADDED ENTRY ELEMENTS (KOHA)
Source of classification or shelving scheme Dewey Decimal Classification
Item type Books
Holdings
Withdrawn status Lost status Source of classification or shelving scheme Damaged status Not for loan Home library Current library Shelving location Date acquired Inventory number Total Checkouts Full call number Barcode Date last seen Copy number Price effective from Koha item type Public note
    Dewey Decimal Classification     Main Library Main Library Reserve Book Section 26/03/2026 23064   658.93 FAR bsu26030479 26/03/2026 001 26/03/2026 Books Material available in hard copy

© 2017 Bishop Stuart University Library. All Rights Reserved.
Kakoba Campus, Plot 150 Buremba Road | P.O. Box 9, Mbarara, UGANDA | Tel: +256-772-463068
Email: library@bsu.ac.ug